نداء البراري / (رقم التسجيلة. 68044)

تفاصيل مارك
000 -LEADER
fixed length control field 00587nam a22001937a 4500
005 - DATE AND TIME OF LATEST TRANSACTION
control field 20251108172013.0
008 - FIXED-LENGTH DATA ELEMENTS--GENERAL INFORMATION
fixed length control field 250721s1994 xx 000 0 ara d
082 14 - DEWEY DECIMAL CLASSIFICATION NUMBER
Classification number ط/ق/لند
100 1# - MAIN ENTRY--PERSONAL NAME
Personal name لندن، جاك
245 10 - TITLE STATEMENT
Title نداء البراري /
264 1# - PRODUCTION, PUBLICATION, DISTRIBUTION, MANUFACTURE, AND COPYRIGHT NOTICE
Place of production, publication, distribution, manufacture بيروت :
Name of producer, publisher, distributor, manufacturer مكتبة لبنان،
Date of production, publication, distribution, manufacture, or copyright notice 1994.
300 ## - PHYSICAL DESCRIPTION
Extent 65ص
490 0# - SERIES STATEMENT
Series statement كتب الفراشة ، القصص العالمية
650 17 - SUBJECT ADDED ENTRY--TOPICAL TERM
Topical term or geographic name as entry element أدب الأطفال
653 ## - INDEX TERM--UNCONTROLLED
Uncontrolled term ناشاون صغار (10-14) سنه
700 1# - ADDED ENTRY--PERSONAL NAME
Personal name غالي، وجدي رزق
Relator term ترجمة
942 ## - ADDED ENTRY ELEMENTS (KOHA)
Source of classification or shelving scheme Dewey Decimal Classification
Koha item type كتب
المقتنيات
حالة السحب حالة الفقدان مصدر التصنيف حالة التلف غير قابل للإعارة المكتبة الرئيسية المكتبة الحالية موقع الرف تاريخ التزويد الرقم المتسلسل Total Checkouts رقم الإستدعاء تاريخ آخر ظهور تاريخ الفاتورة نوع المادة (كوها) الباركود
    Dewey Decimal Classification Unchecked   مكتبة الأميرة ايمان العامة مكتبة الأميرة ايمان العامة الأطفال 06/07/2004 1948   ط/ق/لند 28/07/2025 06/07/2004 كتب  
    Dewey Decimal Classification     مكتبة الاميرة بديعة مكتبة الاميرة بديعة الأطفال 09/05/2009 1274301   ط/ق/لند 28/07/2025 09/05/2009 كتب PLD00086912
    Dewey Decimal Classification     مكتبة البراءة للأطفال مكتبة البراءة للأطفال الأطفال 24/09/2013 366488   ط/ق/لند 28/07/2025 24/09/2013 كتب PLD00279578
    Dewey Decimal Classification     مكتبة الراية الهاشمية للأطفال مكتبة الراية الهاشمية للأطفال الأطفال 09/05/2009 1274304   ط/ق/لند 28/07/2025 09/05/2009 كتب PLD00086915
    Dewey Decimal Classification     مكتبة الراية الهاشمية للأطفال مكتبة الراية الهاشمية للأطفال الأطفال 14/02/2015 1591840   ط/ق/لند 28/07/2025 14/02/2015 كتب PLD00316362
    Dewey Decimal Classification     مكتبة الراية الهاشمية للأطفال مكتبة الراية الهاشمية للأطفال الأطفال 21/10/2015 296987   ط/ق/لند 28/07/2025 21/10/2015 كتب PLD00357994
    Dewey Decimal Classification     مكتبة الياسمين للأطفال مكتبة الياسمين للأطفال الأطفال 28/04/2014 557229   ط/ق/لند 28/07/2025 28/04/2014 كتب PLD00300322
    Dewey Decimal Classification     مكتبة بدر الجديدة للأطفال مكتبة بدر الجديدة للأطفال الأطفال 24/10/2015 400688   ط/ق/لند 28/07/2025 24/10/2015 كتب PLD00358829
    Dewey Decimal Classification     مكتبة حمزة العامة مكتبة حمزة العامة الأطفال 02/05/2018 1668078   ط/ق/لند 28/07/2025 02/05/2018 كتب PLD00419966
    Dewey Decimal Classification     مكتبة وادي السير العامة مكتبة وادي السير العامة الأطفال 09/05/2009 1274303   ط/ق/لند 28/07/2025 09/05/2009 كتب PLD00086914
    Dewey Decimal Classification     مكتبة ومركز فرح مكتبة ومركز فرح الأطفال 09/05/2009 1274300   ط/ق/لند 28/07/2025 09/05/2009 كتب PLD00086911
Implemented & Customized by: BBB with SCIT (Smart Chains for Information Technology)

Powered by Koha